Skills in English : CD \ (Record no. 5215)
[ view plain ]
| 000 -LEADER | |
|---|---|
| fixed length control field | 00827nac a22002171u 4500 |
| 020 ## - INTERNATIONAL STANDARD BOOK NUMBER | |
| International Standard Book Number | 9781859647998 : |
| 082 ## - DEWEY DECIMAL CLASSIFICATION NUMBER | |
| Classification number | 428.24 |
| Item number | PHI |
| 090 ## - LOCALLY ASSIGNED LC-TYPE CALL NUMBER (OCLC); LOCAL CALL NUMBER (OCLC) | |
| -- | 5215 |
| -- | 5215 |
| 100 ## - MAIN ENTRY--PERSONAL NAME | |
| Personal name | Phillips, Terry |
| 245 ## - TITLE STATEMENT | |
| Title | Skills in English : CD \ |
| Statement of responsibility, etc | Terry Phillips |
| Number of part/section of a work | level 3 |
| Name of part/section of a work | Student's CDs |
| Remainder of title | Listening/ |
| 250 ## - EDITION STATEMENT | |
| Edition statement | 2nd ed. |
| 260 ## - PUBLICATION, DISTRIBUTION, ETC. (IMPRINT) | |
| Place of publication, distribution, etc | London: |
| Name of publisher, distributor, etc | Garnet Education,2004. |
| Date of publication, distribution, etc | c2004. |
| 500 ## - GENERAL NOTE | |
| General note | Audiovisuals |
| 500 ## - GENERAL NOTE | |
| General note | Distributer: Bacca |
| 511 ## - PARTICIPANT OR PERFORMER NOTE | |
| Participant or performer note | Catalogued by: Sara |
| 650 ## - SUBJECT ADDED ENTRY--TOPICAL TERM | |
| Topical term or geographic name as entry element | English language |
| Form subdivision | Textbooks for foreign speakers |
| 650 ## - SUBJECT ADDED ENTRY--TOPICAL TERM | |
| Topical term or geographic name as entry element | English language |
| Form subdivision | Problems, exercises, etc. |
| General subdivision | Grammar |
| 650 ## - SUBJECT ADDED ENTRY--TOPICAL TERM | |
| Topical term or geographic name as entry element | English language |
| General subdivision | study and teaching for foreign speakers |
| 942 ## - ADDED ENTRY ELEMENTS (KOHA) | |
| Item type | |
| Call number prefix | 428.24PHI |
| Withdrawn status | Item status | Damaged status | Not for loan | Home library | Current library | Shelving location | Date acquired | Source of acquisition | Total Checkouts | Full call number | Barcode | Date last seen | Date last borrowed | Koha item type | Total Renewals |
|---|---|---|---|---|---|---|---|---|---|---|---|---|---|---|---|
| Central Library | Central Library | Second Floor | 15/11/2007 | Purchase | 3 | 428.24PHI | 000006474 | 24/08/2022 | 16/02/2015 | CD | DVD - (NB) | |||||
| Central Library | Central Library | Second Floor | 15/11/2007 | Purchase | 5 | 428.24PHI | 000006475 | 24/08/2022 | 07/10/2010 | CD | DVD - With book | 6 |